District laboratory practice in tropical countries: part 1 & 2. (2nd ed.) (Record no. 63794)

MARC details
000 -LEADER
fixed length control field 01182nam a2200241 a 4500
008 - FIXED-LENGTH DATA ELEMENTS--GENERAL INFORMATION
fixed length control field 120619s2005 ||||||||||||||||| || u
020 ## - INTERNATIONAL STANDARD BOOK NUMBER
International Standard Book Number 9780521676304
020 ## - INTERNATIONAL STANDARD BOOK NUMBER
International Standard Book Number 9780521676311
050 ## - LIBRARY OF CONGRESS CALL NUMBER
Classification number RC 961.5 Che (BOX 200)
100 ## - MAIN ENTRY--PERSONAL NAME
Personal name Cheesbrough, Monica
245 10 - TITLE STATEMENT
Title District laboratory practice in tropical countries: part 1 & 2. (2nd ed.)
Statement of responsibility, etc. by Monica Cheesbrough
250 ## - EDITION STATEMENT
Edition statement 2nd ed.
260 ## - PUBLICATION, DISTRIBUTION, ETC.
Place of publication, distribution, etc. Cambridge:
Name of publisher, distributor, etc. Cambridge University Press
Date of publication, distribution, etc. 2005
300 ## - PHYSICAL DESCRIPTION
Extent vols.: ill.
490 ## -
-- Tropical Health Technology
500 ## - GENERAL NOTE
General note Blue Trunk Library Collection (WHO). Bibliography
650 ## - SUBJECT ADDED ENTRY--TOPICAL TERM
Topical term or geographic name entry element DIAGNOSIS, LABORATORY--HANDBOOKS, MANUALS, ETC
650 ## - SUBJECT ADDED ENTRY--TOPICAL TERM
Topical term or geographic name entry element HEALTH SERVICE AREAS--DEVELOPING COUNTRIES
650 ## - SUBJECT ADDED ENTRY--TOPICAL TERM
Topical term or geographic name entry element TROPICAL MEDICINE--HANDBOOKS, MANUALS, ETC
650 ## - SUBJECT ADDED ENTRY--TOPICAL TERM
Topical term or geographic name entry element MEDICAL LABORATORIES--DEVELOPING COUNTRIES
995 ## -
-- MEDICAL LIBRARY OPEN ACCESS
-- 743153
-- CBU-SCHOOL OF MEDICINE LIBRARY (Ndola)
-- BTL RC 961.5 Che (BOX 200)
-- 2
-- AVAILABLE
-- Aug 9, 2012
-- 743153
-- Short Loan Collection
995 ## -
-- MEDICAL LIBRARY OPEN ACCESS
-- 743151
-- CBU-SCHOOL OF MEDICINE LIBRARY (Ndola)
-- BTL RC 961.5 Che
-- 1
-- AVAILABLE
-- Jun 22, 2012
-- 743151
-- Medical Library Open Access Collection
999 ## -
-- 63794
-- 63794
Holdings
Withdrawn status Lost status Source of classification or shelving scheme Damaged status Not for loan Permanent Location Current Location Shelving location Date acquired Total Checkouts Full call number Barcode Date last seen Copy number Price effective from Koha item type
          CBU-SCHOOL OF MEDICINE LIBRARY, NDOLA. CBU-SCHOOL OF MEDICINE LIBRARY, NDOLA.   02/01/2023   RC 961.5 Che (BOX 200) 743153 02/01/2023 1 02/01/2023 SHORT LOAN COLLECTION
          CBU-SCHOOL OF MEDICINE LIBRARY, NDOLA. CBU-SCHOOL OF MEDICINE LIBRARY, NDOLA.   02/01/2023   RC 961.5 Che (BOX 200) 743151 02/01/2023 2 02/01/2023 MONOGRAPH